| 000 | 00389nam a22001577a 4500 | ||
|---|---|---|---|
| 003 | CEME | ||
| 005 | 20210628205140.0 | ||
| 008 | 210301b xxu||||| |||| 00| 0 eng d | ||
| 040 | _c. | ||
| 082 | _a923.59549 SAE'S | ||
| 100 |
_aSaeed, Rashid _945965 |
||
| 245 | _aShaheed siachain captain moazzam ali baluch | ||
| 260 |
_aISLAMABAD _bBAITAB _c1997 |
||
| 300 | _a300P | ||
| 942 |
_cBK _2ddc |
||
| 999 |
_c579738 _d579738 |
||